000 00936nam a22002537a 4500
005 20170123164159.0
010 _aB-201152
020 _c195.00
_a818885221
035 _aB-201152
037 _bCen Lib/Ret
040 _aDPL
_bPN
082 _a230.35
_2ਧਰਮ
100 _aਧਰਮਪਾਲ ਸਿੰਘਲ
_9134614
245 _aਮਹਾ ਮਾਨਵ ਸੰਤ ਗੁਰੂ ਰਵਿਦਾਸ /
_cਧਰਮਪਾਲ ਸਿੰਘਲ
246 _aMeha manav sant guru ravidas /
_bby Dharam Pal Singhal
260 _aਜਲੰਧਰ
_bਦੀਪਕ ਪਬਲਿਸ਼ਰਜ਼
_c2005
270 _aਮਮੀ ਹਿਰਨ ਗੇਟ
_bਜਲੰਧਰ
_e144008
300 _a160p ;
_c24cm(Hb)
650 _aਸੰਤ ਸਾਹਿਤ
_91054
650 _aਸੰਤ ਧਰਮ
_v
_9134615
650 _aSaint literature
_99692
650 _aSaint religion
_99693
942 _2ddc
_cPN
_h230.35
_mਧਰਮ
999 _c110956
_d110956